| 000 | 01050nam a2200301Ia 4500 | ||
|---|---|---|---|
| 003 | OSt | ||
| 005 | 20221007125124.0 | ||
| 006 | a|||||r|||| 00| 0 | ||
| 007 | ta | ||
| 008 | 221006b |||||||| |||| 00| 0 eng d | ||
| 020 |
_a3540512225 (Berlin:hbd) _cDM 268.00 |
||
| 024 | _a4440 | ||
| 037 |
_bAhuja, _cTextual |
||
| 040 |
_aCDL _cCDL _beng |
||
| 041 |
_2eng _aeng |
||
| 082 | _aE:3,E53, No | ||
| 100 |
_aDrits Victor A _9721576 |
||
| 245 | 0 |
_aX-ray diffraction by disordered lamellar structures: theoryand applications to microdivided silicates and carbons _b Tchoubar Cyril |
|
| 260 |
_aBerlin _bSpringer Verlag _c1990 |
||
| 300 |
_axvii,371p _ccm. |
||
| 500 | _aIncludes bibliographical references; Index 361-371p; ^n23/CSL/Carc/96-97/3927^d1997-01-27^mPurchase | ||
| 650 |
_a Analytical methods _9721577 |
||
| 650 | _a X-Ray diffraction | ||
| 650 | _aChemistry | ||
| 700 |
_a Tchoubar Cyril _9721578 |
||
| 942 |
_hE:3,E53, No _cTEXL _2CC |
||
| 999 |
_c1214718 _d1214718 |
||